| 000 | 01371 a2200229 4500 | ||
|---|---|---|---|
| 020 | _a0813381002 | ||
| 020 | _a9780813381008 | ||
| 082 | 0 | 4 | _a954.91 |
| 090 |
_c1507 _d1507 |
||
| 100 | 1 | _aBurki, Shahid Javed. | |
| 245 | 1 | 0 |
_aPakistan : _bthe continuing search for nationhood--second edition, revised and updated / _cShahid Javed Burki. |
| 250 | _a2 Rev Upd ed. | ||
| 260 |
_a[S.l.] : _bWestview Press, _c1991. |
||
| 300 |
_a243 p. ; _c24 cm. |
||
| 490 | 1 | _aNations of contemporary asia. | |
| 500 | _aHardcover. | ||
| 520 | _aPakistan came into being as the result of a movement that sought to establish a separate national identity for the Muslims of British India. This introduction to Pakistan's political, economic and social develpment includes an analysis of Benazir Bhutto and her downfall, as well as an examination of the general status of women in this predominantly Moslem culture. The author assesses the implications of the October 1990 elections - in which Bhutto was resoundingly defeated - and weighs the problems facing the new leadership as the search for stability continues. | ||
| 830 | 0 | _aNations of contemporary asia. | |
| 856 | 4 | 0 |
_3Amazon.com _uhttp://www.amazon.com/exec/obidos/ASIN/0813381002/chopaconline-20 |
| 856 | 4 | 0 |
_3Amazon customer reviews _uhttp://www.chopac.org/cgi-bin/tools/azrev.pl?q=0813381002 |
| 942 |
_aNBS _cBK _k954.91 BUR |
||
| 999 |
_c344026 _d344026 |
||